000 00268pam a2200121 a 4500
020 _c
041 _aeng
100 _aSullivan .J.W.N.
245 _aThe Basis Of Modern
_hTextual Documents
260 _aNew York
_bPenguin Books Ltd
300 _a213p.
930 _a15261
999 _c92161
_d92161